The master plan of evangelism. (Record no. 10568)

000 -LEADER
fixed length control field 01029nam a2200241 a 4500
001 - CONTROL NUMBER
control field :::00008357$&:&@@
003 - CONTROL NUMBER IDENTIFIER
control field OkBaRHE
005 - DATE AND TIME OF LATEST TRANSACTION
control field 20000607103343.0
008 - FIXED-LENGTH DATA ELEMENTS--GENERAL INFORMATION
fixed length control field s1964 j 000 0 eng u
040 ## - CATALOGING SOURCE
Transcribing agency
100 1# - MAIN ENTRY--PERSONAL NAME
Personal name Coleman, Robert E.
245 14 - TITLE STATEMENT
Title The master plan of evangelism.
260 ## - PUBLICATION, DISTRIBUTION, ETC. (IMPRINT)
Place of publication, distribution, etc Westwood, NJ., :
Name of publisher, distributor, etc Fleming H. Revell Co.
Date of publication, distribution, etc 1964
300 ## - PHYSICAL DESCRIPTION
Extent 126 p.
650 ## - SUBJECT ADDED ENTRY--TOPICAL TERM
Topical term or geographic name as entry element Evangelism
942 ## - ADDED ENTRY ELEMENTS (KOHA)
Source of classification or shelving scheme
Koha item type Books
Copies
Source of classification or shelving scheme Permanent Location Date last seen Shelving location Date acquired Price effective from Damaged status Full call number Koha item type Withdrawn status Not for loan Barcode Copy number Lost status
 RHEMA Bible Training College2010-04-14General Stacks2010-04-142010-04-14 BV 3790 .C6Books  83571 
 RHEMA Bible Training College2010-04-14General Stacks2010-04-142010-04-14 BV 3790 .C6Books  168652 
 RHEMA Bible Training College2010-04-14General Stacks2010-04-142010-04-14 BV 3790 .C6Books  168663 
 RHEMA Bible Training College2010-04-14General Stacks2010-04-142010-04-14 BV 3790 .C6Books  168684 
 RHEMA Bible Training College2010-04-14General Stacks2010-04-142010-04-14 BV 3790 .C6Books  168695 
 RHEMA Bible Training College2010-04-14General Stacks2010-04-142010-04-14 BV 3790 .C6Books  187496